Ye Olde Megacities - Statistics

General Stats
  • This quiz has been taken 28 times
  • The average score is 7 of 10
Answer Stats
Other Name Megacity % Correct
Cidade de São Sebastiãode Río de Janeiro Rio de Janeiro
100%
Byzantium Istanbul
95%
Nieuw Nederlands New York City
95%
Nuestra Señora Santa María del Buen Ayre Buenos Aires
89%
El Pueblo de Nuestra Señora
la Reina de los Ángeles del Río Porciúncula
Los Angeles
88%
Léopoldville Kinshasa
75%
Lundenwic London
75%
Batavia Jakarta
67%
Lutetia Paris
65%
Santa Fé de Bacatá Bogotá
53%
Maynilad Manila
53%
Ciudad de los Reyes Lima
45%
Eko Lagos
33%
Piratininga São Paulo
8%
No matching quizzes found
Score Distribution
Percent of People with Each Score
Percentile by Number Answered
Your Score History
You have not taken this quiz